000 00430pab a2200169 454500
008 180718b2010-11 xxu||||| |||| 00| 0 eng d
100 _aGupta, Krishna
245 _aTrade and climate change: The need to modify the the WTO legal framework
260 _c2010-11
300 _ap.17-35.
650 _aWTO
650 _aTrade policy
650 _aClimatic change
773 _aAdministrator
908 _aN
909 _a91419
999 _c91419
_d91419